Größte Städte Mecklenburg-Vorpommerns - Statistiken

Allgemein
  • Dieses Quiz wurde 68 mal gespielt
  • Das Durchschnittsergebnis liegt bei 5 aus 5
Antwortstatistiken
Einwohner Stadt % Korrekt
209.920 Rostock
100%
98.596 Schwerin
100%
59.691 Greifswald
85%
59.363 Stralsund
84%
63.989 Neubrandenburg
82%
Keine übereinstimmenden Quizze gefunden
Verteilung der Resultate
Anzahl Personen mit jedem Resultat
Perzentil nach korrekt beantworteten Fragen
Ihre Resultats-Entwicklung
Sie haben dieses Quiz noch nicht gespielt